01013cam a22002897a 4500003000500000005001700005008004100022010000900063011000900072035000900081040000900090090001100099100003300110245004600143500006200189590004100251590004100292590004100333590004200374650004800416650005300464901000700517942001000524949004300534999001500577952013100592CHAP20220329133127.0971013s r 00010 d a2452 a3424 a2624 cCHAP aR-329800aLee, Terence Richard.965600 0aManaging water resources in Latin America aSobretiro de: Natural Resources Journal 30: 581-607, 1990 aBATCH-UPDb10c20130110lUCH01h2134 aBATCH-UPDb10c20130410lUCH01h1443 aBATCH-UPDb10c20130914lUCH01h1830 aCONVERSIONb10c20130109lUCH01h130314aAguaxAbastecimientoxAmerica Latina.9222614aRecursos hidráulicosxAmérica Latina.995093 aBK cREIMP aR-3298bBCcRd-12130eTS1i2624mDsi c2452d2452 00104054718RaBCbBCcPA_Rd2012-12-17fREIMPl0oR-3298p-12130r2019-12-31 00:00:00w2019-12-31yREIMPzRecien adquirido